LEADER 01207cam0-22003851i-450- 001 990006087280403321 005 20051109140113.0 010 $a88-204-2502-5 035 $a000608728 035 $aFED01000608728 035 $a(Aleph)000608728FED01 035 $a000608728 100 $a20000112d1988----km-y0itay50------ba 101 0 $aita 102 $aIT 105 $ay-------001yy 200 1 $aPolitiche del personale e valorizzazione femminile$fdi L. Frey, R. Livraghi, T. Treu$gcon contributi di discenti dei corsi di formazione di consiglieri di parita della Regione Lombardia 210 $aMilano$cF. Angeli$d1988 215 $a185 p.$d22 cm 225 1 $aQuaderni di economia del lavoro$v30 676 $a331.4$v20$zita 676 $a18240 702 1$aFrey,$bLuigi$f<1934- > 702 1$aLivraghi,$bRenata 702 1$aTreu,$bTiziano$f<1939- > 801 0$aIT$bUNINA$gRICA$2UNIMARC 901 $aBK 912 $a990006087280403321 952 $aVII F 277 (30)$b6434*$fFGBC 952 $aEco-1.Q$b6923/f$fSES 952 $aXV C 223 (30)$b6434*$fFGBC 959 $aFGBC 959 $aSES 996 $aPolitiche del personale e valorizzazione femminile$9576765 997 $aUNINA LEADER 01097nam a22002531i 4500 001 991001801649707536 005 20040316224215.0 008 040407s1964 it a||||||||||||||||ita 035 $ab12825554-39ule_inst 035 $aARCHE-080517$9ExL 040 $aDip.to Scienze Storiche$bita$cA.t.i. Arché s.c.r.l. Pandora Sicilia s.r.l. 082 04$a914.523 100 1 $aPracchi, Roberto$033310 245 13$aLa Brianza e la collina comasca :$bnote orientative per la escursione nella collina briantea e comasca /$cR. Pracchi 260 $aComo :$bTipografia editrice A. Noseda,$c1964 300 $a32 p. :$bill. ;$c24 cm 650 4$aBrianza$xGeografia 907 $a.b12825554$b02-04-14$c16-04-04 912 $a991001801649707536 945 $aLE009 GEOG.14.413-65$g1$i2009000158856$lle009$o-$pE0.00$q-$rl$s- $t0$u0$v0$w0$x0$y.i13376858$z16-04-04 945 $aLE009 GEOG.06-17/19a.2$g2$i2009000169463$lle009$on$pE0.00$q-$rn$so $t0$u0$v0$w0$x0$y.i1337686x$z16-04-04 996 $aBrianza e la collina comasca$9296682 997 $aUNISALENTO 998 $ale009$b16-04-04$cm$da $e-$fita$git $h3$i2